South Eastern Kenya University

Library Online Public Access Catalogue


Generosity and gratitude : (Record no. 10673)

MARC details
000 -LEADER
fixed length control field 00431cam a2200133 a 4500
020 ## - ISBN
International Standard Book Number 9781433115165 (hardcover : alk. paper)
050 00 - LIBRARY OF CONGRESS CALL NUMBER
Classification Number PS3619.C42
Item Number G46 2011
100 1# - MAIN ENTRY--Author
Personal name Schlitt, Dale M.
245 10 - TITLE
Title Generosity and gratitude :
Remainder of title a philosophical psalm /
Statement of responsibility, etc Dale M. Schlitt.
260 ## - PUBLICATION, DISTRIBUTION, ETC.(IMPRINT)
Place of publication, distribution, etc New York :
Name of publisher, distributor, etc Peter Lang,
Date of publication, distribution, etc c2011.
300 ## - PHYSICAL DESCRIPTION
Extent xvi, 136 p. ;
650 ## - SUBJECT--TOPIC
General subdivision Generosity -- Religious aspects ;
-- Gratitude.
942 ## - ADDED ENTRY ELEMENTS(KOHA)
Source of classification or shelving scheme Library of Congress Classification
Koha item type General circulation
Holdings
Source of classification or shelving scheme Not for loan Location (home branch) Sublocation (holding branch) Shelving location Date accessioned Cost, normal purchase price Full call number Barcode Cost, replacement price Nonpublic note Koha item type Public note
Library of Congress Classification   Mtito Andei Centre Library Mtito Andei Centre Library   09/02/2016 5050.00 PS3619.C42 G46 2011 2015/009259 5555.00 Nzk General circulation Nzk
Kitui, Kenya.
+254736116989
library@seku.ac.ke